Wielcy Odkrywcy Geograficzni po opisie - Statystyki

Ogólne statystyki
  • Ten quiz został rozwiązany 11 razy
  • Średni wynik to 8 z 16
Statystyki odpowiedzi
Opis Odpowiedź % Poprawnych
Portugalczyk w służbie Hiszpanii, w latach 1519–1522 zorganizował i rozpoczął pierwszą w historii circumnawigację Ziemi. Odkrył Cieśninę Magellana, przepłynął Pacyfik i dotarł na Filipiny, gdzie zginął; ekspedycja zakończyła się sukcesem pod dowództwem Juana Sebastiána Elcano. Trinidad, San Antonio, Concepción, Victoria i Santiago (nazwy jego statków, spośród ktorych doplynela tylko Vicoria) Ferdynand Magellan
100%
Portugalczyk, jako pierwszy Europejczyk otworzył morską drogę do Indii wokół Przylądka Dobrej Nadziei. W latach 1497–1499 dotarł do Kozhikode (Calicut) w Indiach, a w drugiej wyprawie (1502–1503) prowadził zbrojną ekspedycję, umacniając portugalską obecność na Oceanie Indyjskim Vasco da Gama
100%
Włoch (Florencja), podczas wypraw w służbie Hiszpanii i Portugalii (1499–1502) jako pierwszy rozpoznał, że odkryte ziemie to odrębny, nieznany wcześniej kontynent, a nie Azja. Opisy jego podróży przyczyniły się do nazwania kontynentu „Ameryka” na jego cześć. Amerigo Vespucci
90%
Włoch w służbie hiszpańskiej Korony, w 1492 roku odkrył dla Europejczyków Karaiby i wschodnie wybrzeża Ameryki, myśląc, że dotarł do Indii. Przeprowadził cztery wielkie wyprawy (1492–1504) do dzisiejszej Bahamy, Kuby, Haiti, Jamajki i wybrzeży Ameryki Środkowej i Południowej. Krzysztof Kolumb
90%
Wenecki kupiec. Przemierzył Jedwabny Szlak, dotarł do Chin i przez ok. 17 lat przebywał na dworze mongolskiego władcy Kubilaj-chana, pełniąc funkcje dyplomatyczne i administracyjne. Odwiedził m.in. Persję, Pamir, Chiny, Tybet, Birmę i Indie. Po powrocie do Wenecji jego relacja została spisana jako „Opisanie świata”, jedno z najważniejszych średniowiecznych źródeł wiedzy Europejczyków o Azji. Marco Polo
80%
Anglik, kapitan Royal Navy, w trzech wielkich wyprawach (1768–1771, 1772–1775, 1776–1779) dokładnie zbadał Pacyfik. Odkrył wschodnie wybrzeże Australii, Nową Zelandię, Hawaje, Nową Kaledonię i wiele innych wysp; zginął na Hawajach podczas trzeciej wyprawy. James Cook
70%
Holender, w latach 1642–1644 odkrył Tasmanię, Nową Zelandię oraz kilka wysp na Pacyfiku (m.in. Tonga i Fidżi). Jego wyprawy znacznie rozszerzyły wiedzę o Australii i Oceanie Spokojnym Abel Tasman
60%
Polak, geolog i podróżnik, w latach 1839–1843 badał Australię i Tasmanię. Jako pierwszy Europejczyk wszedł na najwyższy szczyt Australii (nazwał go Górą Kosciuszko na cześć Polski), opisał geologię i zasoby naturalne, a jego relacje przyczyniły się do rozwoju australijskiego górnictwa. Paweł Edmund Strzelecki
50%
Polak, inżynier, w latach 1859–1892 pracował w Peru. Zaprojektował i nadzorował budowę kolei transandyjskiej (Lima–Oroya), która osiąga wysokość ponad 4800 m n.p.m. – przez ponad 100 lat była najwyższą linią kolejową na świecie. Ernest Malinowski
40%
Polak, emigrant po powstaniu listopadowym, w Chile w latach 1831–1889 stał się wybitnym geologiem i mineralogiem. Zbadał bogactwa naturalne Andów, skatalogował setki minerałów, założył kopalnie i politechnikę w Santiago Ignacy Domeyko
40%
Francuz, w trzech wyprawach (1534, 1535–1536, 1541–1542) zbadał Zatokę Świętego Wawrzyńca i rzekę o tej samej nazwie, docierając aż do dzisiejszego Montrealu. Położył podwaliny pod francuską kolonizację Kanady (Nowa Francja). Jacques Cartier
40%
Szkot (Brytyjczyk), misjonarz i odkrywca, w latach 1841–1873 przemierzył ogromne obszary Afryki Środkowej i Południowej. Odkrył Wodospady Wiktorii, zbadał rzekę Zambezi i jezioro Ngami; jako pierwszy Europejczyk przeszedł kontynent od Atlantyku do Indyjskiego Oceanu David Livingstone
30%
Anglik, czterokrotnie poszukiwał Przejścia Północno-Zachodniego i Północno-Wschodniego. W 1609 roku odkrył Rzekę Hudson, a w 1610–1611 roku wpłynął do Zatoki Hudsona; tam jego załoga zbuntowała się i porzuciła go na łodzi – zginął na morzu. Henry Hudson
20%
Włoch w służbie Angielskiej. Pierwszy szał ciał podróżnik, który poszukiwał Przejścia Północno-Zachodniego, W 1497 roku odkrył dla Europy Nową Fundlandię i spenetrował wybrzeża Labradoru Jego odkrycia stały się podstawą roszczeń Anglików do ziem Ameryki Północnej John Cabot
20%
Walijczyk, później obywatel USA i Wielkiej Brytanii, w 1871 roku odnalazł zaginionego Livingstone’a. W latach 1874–1877 i 1879–1884 zbadał rzekę Kongo od jej źródeł aż do ujścia, co umożliwiło utworzenie Wolnego Państwa Kongo Henry Morton Stanley
10%
Niemiec, jeden z największych uczonych XIX wieku, w latach 1799–1804 prowadził badania naukowe w Ameryce Południowej i Środkowej. Badał wulkany, prądy oceaniczne, roślinność, klimat i geomagnetyzm; jego prace zapoczątkowały nowoczesną geografię i ekologię. Twórca pojęcia pomnik przyrody Aleksander von Humboldt
0%
Nie znaleziono quizów pasujących do podanych kryteriów
Rozkład punktacji
Procent ludzi z każdym wynikiem
Percentyl według liczby udzielonych odpowiedzi
Twoja historia wyników
Nie rozwiązałeś tego quizu